1376 1803 1472 1303 1968 1148 1769 1782 1335 1626 1714 1243 1835 1529 1893 1630 1701 1485 1955 1489 1511 1795 1468 1233 1955 1075 1232 1431 1891 1357 1383 1052 1420 1257 1326 1296 1384 1116 1669 1655 1209 1291 1049 1507 1682 1725 1853 1149 1315 1647 1153 1477 1034 1389 1943 1326 1775 1593 1339 1765 1966 1086 1266 1089 1643 1221 1680 1333 1291 1418 1766 1385 1361 1364 1078 1721 1618 1861 1043 1465 1687 1483 1385 1081 1537 1911 1242 1843 1274 1303 1336 1396 1831 1839 1207 1561 1991 1261 1860 BCNSPRNW ULIB Ver.6.0+V

เปลี่ยนเป็นภาษาไทย

Change to English
 แสดงรายละเอียดบรรณานุกรม
  กลับหน้าหลัก

Brief Record : Get Marc (ISO 2709) : E-mail record : QR code < ปิดหน้าต่าง
LEADER : 00000nam 2200000uu 4500
001    13399115120
003     ULIB
008    120710s2551||||th 000 0 tha d
020    ^a9789741626298
060 04 ^aQV766^bช821ส 2551
100 0  ^aโชติอนันต์
245 10 ^aสมุนไพรไทยสำหรับงานสาธารณสุขมูลฐาน /^cโชติอนันต์ และคณะ
250    ^aพิมพ์ครั้งที่ 1
260    ^aกรุงเทพฯ :^bดวงกมลพับลิชชิ่ง,^c2551
300    ^a(13), 354 หน้า :^bภาพประกอบ ;^c21 ซม.
650  4 ^aสาธารณสุขมูลฐาน
650  4 ^aสมุนไพร
945    ^p0^l0^i15360
995    ^aกัณชพร
999 ^a ใช้งานได้ทุกระบบ
รายการนี้ยังไม่มีแท็ก
คุณยังไม่ได้ล็อกอิน คุณสามารถมีกิจกรรมร่วมกับเว็บไซต์ได้ แต่ต้องล็อกอินก่อน ::
  ล็อกอิน

รายการสื่อสารสนเทศ

ลำดับที่ ประเภท เลขเรียก/บาร์โค้ด สถานที่ สถานะ
1. วิทยาศาสตร์การแพทย์ และสุขภาพ
วิทยาศาสตร์การแพทย์ และสุขภาพ
QV766 ช821ส 2551  
  Barcode: 15360
ห้องสมุดวิทยาเขตสวรรค์ประชารักษ์
►ส่วนจัดเก็บหนังสือเก่า สปร
บนชั้น
  ขอยืม

รายการใกล้เคียง
    ผู้แต่ง [โชติอนันต์]

    หัวเรื่อง [สาธารณสุขมูลฐาน]
    หัวเรื่อง [สมุนไพร]

BibComment


ยังไม่เคยถูกคอมเมนท์

คอมเมนท์ทรัพยากรรายการนี้
  คอมเมนท์: สมุนไพรไทยสำหรับ..


 Copyright 2026. Bcnsprnw @Library